| 000 | 00758nam a2200265Ia 4500 | ||
|---|---|---|---|
| 003 | OSt | ||
| 005 | 20221006141928.0 | ||
| 006 | a|||||r|||| 00| 0 | ||
| 007 | ta | ||
| 008 | 221006b |||||||| |||| 00| 0 eng d | ||
| 020 |
_a0813329574 _c _39.85 |
||
| 024 | _a4,666 | ||
| 037 | _cTextual | ||
| 040 |
_aEASL _cEASL _beng |
||
| 041 |
_2eng _aeng |
||
| 082 | _aV41:1973.N95, N6 | ||
| 100 | _aSUTTER Robert G | ||
| 245 | 0 |
_aShaping China's future in world affairs _b The role of the United States |
|
| 260 |
_aOxford _bWestview Press _c1996 |
||
| 300 |
_a194p. _ccm. |
||
| 490 | _v CEL | ||
| 700 |
_a CHOI Seong-Eun _9646557 |
||
| 942 |
_hV41:1973.N95, N6 _cTEXL _2CC |
||
| 999 |
_c1072752 _d1072752 |
||